[Event "Cosmin Contra"]
[Site "http://www.queenalice.com/game.php?id=1643032"]
[Date "2021.2.9"]
[Round "-"]
[White "vangogh"]
[Black "zubarev"]
[Result "1-0"]
[WhiteElo "1556"]
[BlackElo "1697"]

1. e4 e5 2. d4 exd4 3. Qxd4 Nc6 4. Qe3 Be7 5. Nc3 d6 6. Bb5 Nf6 7. h3 Bd7 8. Nf3
O-O 9. Bd2 a6 10. Bxc6 Bxc6 11. O-O-O Ne8 12. a3 Qd7 13. e5 Qe6 14. Rhg1 f6 15.
Nd4 Qd7 16. e6 Qd8 17. Qg3 f5 18. Rge1 Nf6 19. f4 Nd5 20. Nxd5 Bxd5 21. h4 Bxh4
22. Qh3 Bxe1 23. Rxe1 Be4 24. Rh1 h6 25. g4 Bxh1 26. Qxh1 Qf6 27. Bc3 Qe7 28.
gxf5 c5 29. Nb3 b5 30. Na5 Rxf5 31. Qxa8+ Kh7 32. Qe4 g6 33. Nc6 Qe8 34. Na7 h5
35. b4 c4 36. e7 Rf7 37. f5 Rxf5 38. Qe6 h4 39. Qxd6 Rf7 40. Nc6 g5 41. Ne5 Rxe7
42. Ng4 Rd7 43. Qh6+ Kg8 44. Nf6+ Kf7 45. Nxe8 Kxe8 46. Bf6 1-0

[Event " Artisan1979"]
[Site "http://www.queenalice.com/game.php?id=1643033"]
[Date "2021.2.9"]
[Round "-"]
[White "vangogh"]
[Black "zubarev"]
[Result "1-0"]
[WhiteElo "1555"]
[BlackElo "1758"]

1. e4 e5 2. d4 exd4 3. Qxd4 Nc6 4. Qe3 d6 5. Nc3 Be7 6. Bb5 Bd7 7. a3 Nf6 8. Nf3
O-O 9. O-O a6 10. Bxc6 Bxc6 11. Rd1 Qd7 12. h3 Rfe8 13. e5 Bd8 14. Qd4 Bxf3 15.
gxf3 Qxh3 16. exf6 Bxf6 17. Qd5 Re5 18. Qxb7 Rg5+ 19. Bxg5 Bxg5 20. Qxa8+ 1-0

[Event " Sammi2417"]
[Site "http://www.queenalice.com/game.php?id=1643034"]
[Date "2021.2.9"]
[Round "-"]
[White "vangogh"]
[Black "zubarev"]
[Result "0-1"]
[WhiteElo "1579"]
[BlackElo "1684"]

1. e4 e5 2. d4 exd4 3. Qxd4 Nc6 4. Qe3 Be7 5. Nc3 d6 6. Bb5 Bd7 7. Nf3 Nf6 8.
O-O O-O 9. h3 Ne5 10. Bxd7 Nxf3+ 11. Qxf3 Qxd7 12. Rd1 Ne8 13. e5 Qe6 14. Qxb7
Rc8 15. exd6 Bxd6 16. Qxa7 Nf6 17. Bg5 Qf5 18. h4 Qe5 19. g3 Ne4 20. Nxe4 Qxe4
21. c3 f6 22. Be3 f5 23. Rd4 Qe5 24. b4 Qf6 25. f4 Rfe8 26. Kf2 Re4 27. Qb7 Rce8
28. Rg1 Rxe3 29. Rc1 Re2+ 30. Kf3 R8e3# 0-1

[Event "OBEY Zetino"]
[Site "http://www.queenalice.com/game.php?id=1645676"]
[Date "2021.3.5"]
[Round "-"]
[White "zubarev"]
[Black "vangogh"]
[Result "1-0"]
[WhiteElo "1677"]
[BlackElo "1578"]

1. d4 d5 2. Nc3 e6 3. Nf3 Nc6 4. e3 a6 5. Bd3 Nf6 6. Ne5 Bd6 7. f4 O-O 8. O-O h6
9. Bd2 b5 10. a3 Nb8 11. Qf3 c6 12. f5 Qc7 13. Ne2 Bxe5 14. dxe5 Qxe5 15. Ng3
Qxb2 16. Rfb1 Qe5 17. Bb4 Rd8 18. Nh5 Nxh5 19. Qxh5 Qxe3+ 20. Kh1 d4 21. f6 g6
22. Bxg6 fxg6 23. Qxg6+ Kh8 24. Qg7# 1-0

[Event "AUTO-INT-3665"]
[Site "http://www.queenalice.com/game.php?id=1758019"]
[Date "2021.4.30"]
[Round "1"]
[White "vangogh"]
[Black "kd4hls"]
[Result "0-1"]
[WhiteElo "1580"]
[BlackElo "1604"]

1. e4 d5 2. e5 e6 3. d4 Be7 4. Nf3 Bb4+ 5. c3 Ne7 6. cxb4 O-O 7. Be2 c6 8. O-O
b5 9. Bg5 Qd7 10. Nc3 a5 11. a3 axb4 12. axb4 Rxa1 13. Qxa1 Na6 14. Bxe7 Qxe7
15. Qa5 Nxb4 16. Ra1 h6 17. h3 Bb7 18. Rc1 Ra8 19. Qb6 Na2 20. Rc2 Nxc3 21. Rxc3
Ra1+ 22. Kh2 Ra6 23. Qc5 Qxc5 24. dxc5 Ra2 25. Rb3 Ra1 26. g4 Kh7 27. g5 h5 28.
Nh4 g6 29. f4 Re1 30. Bf3 Rc1 31. Ra3 Rc2+ 32. Ng2 Kg7 33. Ra2 Rxc5 34. Ra7 Bc8
35. h4 Rc2 36. Rc7 Ba6 37. b3 b4 38. Bd1 Rc3 39. Ne1 Bb5 40. Kg2 Rc1 41. Nf3
Rxd1 42. Kf2 Rd3 43. Ne1 Rxb3 44. Nf3 Rd3 45. Ne1 Rc3 46. Nf3 Rc4 47. Ke3 b3 48.
Nd4 Rxd4 49. Kxd4 b2 0-1

[Event "AUTO-INT-3665"]
[Site "http://www.queenalice.com/game.php?id=1758020"]
[Date "2021.4.30"]
[Round "1"]
[White "kd4hls"]
[Black "vangogh"]
[Result "0-1"]
[WhiteElo "1632"]
[BlackElo "1550"]

1. d4 d5 2. Bf4 Nc6 3. e3 Nf6 4. c4 Be6 5. c5 b6 6. Bb5 Bd7 7. a3 Na5 8. cxb6
cxb6 9. Nf3 Bxb5 10. Nc3 Bc4 11. Ne5 g6 12. Ne2 Qc7 13. Nxg6 Qd7 14. Nxh8 Bg7
15. O-O Bxh8 16. Be5 O-O-O 17. Re1 Ne4 18. Bf4 Rg8 19. Nc3 Qf5 20. Nxe4 Qxe4 21.
Qh5 Qxg2# 0-1

[Event "AUTO-INT-3665"]
[Site "http://www.queenalice.com/game.php?id=1758021"]
[Date "2021.4.30"]
[Round "1"]
[White "vangogh"]
[Black "tche_elvio"]
[Result "1-0"]
[WhiteElo "1569"]
[BlackElo "1468"]

1. e4 e6 2. d4 d5 3. e5 c5 4. Nf3 Nc6 5. Bb5 Qb6 6. Bxc6+ Qxc6 7. O-O h6 8. Be3
Bd7 9. Nc3 O-O-O 10. a3 g5 11. h3 Bg7 12. Qe2 f6 13. g4 fxe5 14. dxe5 d4 15.
Bxd4 cxd4 16. Nxd4 Qc7 17. Ncb5 Bxb5 18. Nxb5 Qxe5 19. Qc4+ Kb8 20. c3 Ne7 21.
Rfe1 Qd5 22. Qxd5 exd5 23. Rxe7 Rhg8 24. Rae1 b6 25. Nxa7 d4 26. Nc6+ Kc8 27.
Nxd8 Kxd8 28. Rb7 dxc3 29. Rb8+ 1-0

[Event "AUTO-INT-3665"]
[Site "http://www.queenalice.com/game.php?id=1758022"]
[Date "2021.4.30"]
[Round "1"]
[White "tche_elvio"]
[Black "vangogh"]
[Result "0-1"]
[WhiteElo "1487"]
[BlackElo "1567"]

1. e4 e5 2. d4 d6 3. d5 Nf6 4. Nc3 c6 5. g3 Qa5 6. Ne2 Bg4 7. Bg2 Be7 8. O-O O-O
9. Bd2 Qa6 10. a3 Qb6 11. Na4 Qa6 12. f3 Bd7 13. b3 cxd5 14. exd5 Nxd5 15. c4
Nf6 16. Nec3 b5 17. Nxb5 Bxb5 18. f4 Bxa4 19. bxa4 Qxc4 20. Bxa8 d5 21. fxe5 Ne4
22. Bb4 Bxb4 23. axb4 Qxb4 24. Qxd5 Nc3 25. Qf3 Nd7 26. Bc6 Nxe5 27. Qg2 Rc8 28.
Bb5 g6 29. Rf4 Qc5+ 30. Qf2 Nd5 31. Qxc5 Rxc5 32. Re4 Nf3+ 33. Kg2 Ng5 34. Rc4
Ne3+ 35. Kh1 Nxc4 36. Rc1 Ne6 37. Rxc4 Rxc4 38. Bxc4 Nc5 39. Bb5 a6 40. Bc6 a5
41. Kg2 h5 42. h4 Kg7 43. Kf3 Kf6 44. g4 Ne6 45. gxh5 Nd4+ 0-1

[Event "AUTO-INT-3665"]
[Site "http://www.queenalice.com/game.php?id=1758023"]
[Date "2021.4.30"]
[Round "1"]
[White "vangogh"]
[Black "Capixaba789"]
[Result "0-1"]
[WhiteElo "1557"]
[BlackElo "1786"]

1. e4 e5 2. d4 exd4 3. Qxd4 Qe7 4. Nc3 Nf6 5. Nd5 Qd8 6. e5 Nxd5 7. Qxd5 c6 8.
Qe4 Be7 9. Nf3 d5 10. Qe3 Nd7 11. e6 fxe6 12. Qxe6 Nf6 13. Qe3 O-O 14. Bd3 Re8
15. O-O Ng4 16. Qf4 Bd6 17. Qd2 Rf8 18. h3 Ne5 19. Qe3 Nxf3+ 20. gxf3 Bxh3 21.
Re1 Qh4 22. b3 b6 23. c3 Bc5 24. Qe2 Rae8 25. Qd2 Rxe1+ 26. Qxe1 Qh5 27. f4 Qg4+
0-1

[Event "AUTO-INT-3447"]
[Site "http://www.queenalice.com/game.php?id=1760784"]
[Date "2021.5.29"]
[Round "3"]
[White "mitsho"]
[Black "vangogh"]
[Result "1-0"]
[WhiteElo "1740"]
[BlackElo "1545"]

1. d4 d5 2. c4 dxc4 3. Nf3 Nf6 4. Nc3 e6 5. e4 Bb4 6. Bxc4 Nxe4 7. O-O Nxc3 8.
bxc3 Bxc3 9. Rb1 O-O 10. Bb2 Bxb2 11. Rxb2 Nc6 12. d5 Na5 13. Qa4 b6 14. dxe6
Bxe6 15. Bxe6 fxe6 16. Qe4 Qf6 17. Rc2 Rac8 18. Nd4 Rfe8 19. f4 Rcd8 20. Nb5 e5
21. Nxc7 Rf8 22. Qxe5 Qxe5 23. fxe5 Rxf1+ 24. Kxf1 Rd1+ 25. Kf2 Kf7 26. Ke3 h5
27. Kf4 Nb7 28. g4 h4 29. Kf5 h3 30. g5 g6+ 31. Kg4 Rd3 32. Rf2+ Kg7 33. e6 Nd6
34. Rf3 Rxf3 35. Kxf3 Kf8 36. Kg4 Ke7 37. Kxh3 a5 38. Kg4 Ne4 39. h4 Kd6 40. e7
Kxe7 41. Nd5+ Kd6 42. Nxb6 Nc3 43. Nc4+ Kc5 44. Nxa5 Nxa2 45. h5 gxh5+ 46. Kxh5
Nc3 47. g6 Ne4 48. g7 1-0

[Event "AUTO-INT-3447"]
[Site "http://www.queenalice.com/game.php?id=1760785"]
[Date "2021.5.29"]
[Round "3"]
[White "vangogh"]
[Black "mitsho"]
[Result "0-1"]
[WhiteElo "1552"]
[BlackElo "1772"]

1. e4 c5 2. d4 cxd4 3. Qxd4 Nc6 4. Qe3 Nf6 5. a3 e6 6. b4 d5 7. e5 Nd7 8. Nc3
Ndxe5 9. h3 g6 10. Nf3 Bg7 11. Bb5 O-O 12. O-O a6 13. Bxc6 bxc6 14. Nxe5 Qf6 15.
Nxc6 Qxc3 16. Qxc3 Bxc3 17. Rb1 Bb7 18. Na5 Rfb8 19. Bf4 e5 20. Bg5 Kg7 21. b5
Bxa5 22. b6 Bc6 23. Be3 d4 24. Bc1 Rxb6 25. Rxb6 Bxb6 26. Bg5 e4 27. Rb1 Bc5 28.
Ra1 f6 29. Bd2 e3 30. fxe3 dxe3 31. Bc3 Rd8 32. a4 e2+ 33. Kh1 Rd1+ 0-1

[Event "AUTO-INT-3709"]
[Site "http://www.queenalice.com/game.php?id=1772790"]
[Date "2021.10.21"]
[Round "1"]
[White "Scharlatan"]
[Black "vangogh"]
[Result "1-0"]
[WhiteElo "1952"]
[BlackElo "1553"]

1. d4 d5 2. c4 e6 3. Nc3 dxc4 4. e4 Nf6 5. Bxc4 h6 6. Nf3 Nc6 7. Be3 Bb4 8. O-O
O-O 9. a3 Bxc3 10. bxc3 Nxe4 11. Qd3 f5 12. Nd2 Nxd2 13. Qxd2 Na5 14. Ba2 b6 15.
Qd3 Kh8 16. Rfe1 e5 17. g3 e4 18. Qe2 Qe7 19. Bd2 Qxa3 20. Qh5 Qd6 21. f3 Bb7
22. fxe4 Bxe4 23. g4 f4 24. Rxe4 Qa3 25. g5 Rf5 26. Rxf4 Rxf4 27. Bxf4 Qxc3 28.
Rd1 Rf8 29. Qh4 Qc2 30. gxh6 Qxd1+ 31. Kg2 Qe2+ 32. Kg1 Qxa2 33. hxg7+ Kxg7 34.
Bh6+ Kf7 35. Qf4+ Kg8 36. Qxf8+ 1-0

[Event "AUTO-INT-3709"]
[Site "http://www.queenalice.com/game.php?id=1772791"]
[Date "2021.10.21"]
[Round "1"]
[White "vangogh"]
[Black "Scharlatan"]
[Result "0-1"]
[WhiteElo "1551"]
[BlackElo "1963"]

1. e4 c6 2. d4 d5 3. e5 Bf5 4. g4 Bg6 5. Nf3 e6 6. a3 Nd7 7. Nc3 c5 8. g5 Ne7 9.
Bb5 Rc8 10. Bf4 a6 11. Bxd7+ Qxd7 12. Qe2 Nf5 13. O-O-O c4 14. Na4 Qxa4 15. c3
Rc6 16. Kd2 b5 17. Ke1 Be7 18. h4 Bh5 19. Rh3 Qb3 20. Kf1 g6 21. Bc1 Qa4 22. Bf4
O-O 23. Ke1 Rfc8 24. Rd2 a5 25. Qd1 Qxd1+ 26. Rxd1 b4 27. a4 bxc3 28. bxc3 Rb6
29. Kf1 Rcb8 30. Kg2 Rb2 31. Rhh1 R8b3 32. Bd2 Ra2 33. Ra1 Rba3 34. Rab1 Bxf3+
35. Kxf3 Rxd2 0-1

[Event "AUTO-INT-3709"]
[Site "http://www.queenalice.com/game.php?id=1772806"]
[Date "2021.10.21"]
[Round "1"]
[White "DAlessandro"]
[Black "vangogh"]
[Result "1-0"]
[WhiteElo "1834"]
[BlackElo "1548"]

1. c4 e5 2. Nc3 d6 3. Nf3 Nc6 4. e3 Nf6 5. d3 Be7 6. Be2 O-O 7. O-O h6 8. Re1 a6
9. a3 d5 10. cxd5 Nxd5 11. Bd2 Bf6 12. e4 Nxc3 13. Bxc3 b5 14. Rc1 Bb7 15. Qb3
Na5 16. Bxa5 Qd6 17. Bxc7 Qd7 18. Ba5 Bc6 19. Red1 Rab8 20. Bb4 Rfe8 21. Bd2 Be7
22. Nxe5 1-0

[Event "AUTO-INT-3709"]
[Site "http://www.queenalice.com/game.php?id=1772807"]
[Date "2021.10.21"]
[Round "1"]
[White "vangogh"]
[Black "DAlessandro"]
[Result "0-1"]
[WhiteElo "1555"]
[BlackElo "1790"]

1. e4 c5 2. d4 cxd4 3. Qxd4 Nc6 4. Qe3 d6 5. Nc3 e6 6. Nf3 Nf6 7. Bb5 Bd7 8. O-O
a6 9. Bxc6 Bxc6 10. h3 Be7 11. a3 O-O 12. e5 dxe5 13. Nxe5 Rc8 14. Rd1 Qa5 15.
b4 Qc7 16. a4 Bxb4 17. Na2 Bd6 18. Nc4 Bf4 19. Qd4 Rfd8 20. Nd6 Bxd6 0-1

[Event "AUTO-INT-3709"]
[Site "http://www.queenalice.com/game.php?id=1772816"]
[Date "2021.10.21"]
[Round "1"]
[White "jenyasm"]
[Black "vangogh"]
[Result "0-1"]
[WhiteElo "1656"]
[BlackElo "1532"]

1. e4 e5 2. Nf3 d6 3. Bc4 h6 4. O-O Nf6 5. h3 Nxe4 6. d4 Be7 7. dxe5 dxe5 8.
Nxe5 Be6 9. Qxd8+ Bxd8 10. Bxe6 fxe6 11. Ng6 Rg8 12. Re1 Nf6 13. Nf4 Nc6 14.
Nxe6 Kf7 15. Bf4 Nd5 16. Nd2 Ncb4 17. Re5 Kf6 18. c3 Nxf4 19. Re4 Nbd5 20. Nc5
b6 21. Nd7+ Kg6 22. Nf3 Bf6 23. Nde5+ Bxe5 24. Rxe5 Rgd8 25. Rd1 c6 26. Ree1 Kh7
27. h4 Rg8 28. c4 Nb4 29. a3 Nbd3 30. Re3 Nxb2 31. Rd4 Rgf8 32. g3 Ng6 33. Kg2
c5 34. Rde4 Rad8 35. Ne5 Nd1 36. Nxg6 Kxg6 37. Re1 Nxf2 38. Re6+ Kh7 39. R1e2
Nd3 40. R2e3 Rf2+ 41. Kh3 Rd4 42. R3e4 Rf3 43. a4 Nb2 0-1

[Event "AUTO-INT-3709"]
[Site "http://www.queenalice.com/game.php?id=1772817"]
[Date "2021.10.21"]
[Round "1"]
[White "vangogh"]
[Black "jenyasm"]
[Result "0-1"]
[WhiteElo "1543"]
[BlackElo "1671"]

1. e4 e5 2. d4 d6 3. d5 Nf6 4. f3 Be7 5. Nc3 O-O 6. f4 Nbd7 7. f5 Nc5 8. Bd3
Nxd3+ 9. Qxd3 Nh5 10. Nf3 Nf4 11. Qf1 g6 12. g3 Nh5 13. g4 Ng7 14. Qh3 f6 15. g5
fxg5 16. Rg1 gxf5 17. Bxg5 fxe4 18. Nxe4 Bxh3 0-1

[Event "Seagull Rock Squawk"]
[Site "http://www.queenalice.com/game.php?id=1776710"]
[Date "2021.12.10"]
[Round "-"]
[White "vangogh"]
[Black "zubarev"]
[Result "0-1"]
[WhiteElo "1545"]
[BlackElo "2107"]

1. e4 e5 2. d4 exd4 3. Qxd4 Nc6 4. Qe3 Be7 5. Nc3 d6 6. h3 Nf6 7. Bb5 Bd7 8. Nf3
O-O 9. O-O Ne5 10. Bxd7 Qxd7 11. Bd2 Nc4 12. Qd4 Nxd2 13. Qxd2 c6 14. Rfe1 Rac8
15. e5 Ne8 16. Rad1 Qe6 17. exd6 Qxd6 18. Qxd6 Bxd6 19. Re4 Nf6 20. Re3 Bc5 21.
Red3 Rce8 22. Na4 Be7 23. Re1 Nd5 24. c3 Bf6 25. Nc5 Rxe1+ 26. Nxe1 Re8 27. Kf1
b6 28. Nb7 Nf4 29. Re3 Rxe3 30. fxe3 Nd5 31. e4 Ne7 32. Nd3 h6 0-1

[Event "9 Dez 2021 07:13"]
[Site "http://www.queenalice.com/game.php?id=1776711"]
[Date "2021.12.10"]
[Round "-"]
[White "zubarev"]
[Black "vangogh"]
[Result "1-0"]
[WhiteElo "2137"]
[BlackElo "1549"]

1. d4 d5 2. Nc3 e6 3. Nf3 Bb4 4. Bd2 Nf6 5. e3 a6 6. Be2 O-O 7. O-O Nc6 8. Ne5
Qd6 9. f4 h6 10. a3 Bxc3 11. Bxc3 Ne4 12. Bd3 Nf6 13. Be1 Nd7 14. Bg3 g6 15. c3
b5 16. Qf3 Na5 17. Qd1 Nxe5 18. fxe5 Qe7 19. Qe1 Nb3 20. Rb1 Bb7 21. Qd1 Na5 22.
Qe1 Qg5 23. Bf4 Qh5 24. Be2 Qf5 25. Bxh6 Rfe8 26. Rxf5 exf5 27. Qg3 Kh7 28. Bg5
Nb3 29. Bf6 Nd2 30. Qh4+ 1-0

[Event "CarlinhOs de Angelis"]
[Site "http://www.queenalice.com/game.php?id=1777193"]
[Date "2021.12.14"]
[Round "-"]
[White "vangogh"]
[Black "zubarev"]
[Result "0-1"]
[WhiteElo "1547"]
[BlackElo "2117"]

1. e4 e5 2. d4 exd4 3. Qxd4 Nc6 4. Qe3 Be7 5. Nc3 d6 6. h3 Ne5 7. Nf3 Nxf3+ 8.
gxf3 Nf6 9. e5 dxe5 10. Qxe5 O-O 11. Bf4 Bd6 12. Qd4 Bxf4 13. Qxf4 c6 14. Rd1
Re8+ 15. Be2 Qb6 16. Na4 Qa5+ 17. c3 Qb5 18. Rd2 Qa5 19. Rg1 Qe5 20. Qh6 g6 21.
Rg5 Qf4 22. Rd4 Qc1+ 23. Rd1 Qc2 0-1